Lo que debes saber sobre el abuso sexual infantil. Tú lo puedes prevenir - Tú lo debes denunciar (Record no. 19391)
[ view plain ]
| 000 -LEADER | |
|---|---|
| campo de control de longitud fija | 00460nam a2200145Ia 4500 |
| 008 - DATOS DE LONGITUD FIJA--INFORMACIÓN GENERAL | |
| campo de control de longitud fija | 231129s2007||||xx |||||||||||||| ||spa|| |
| 020 ## - NÚMERO INTERNACIONAL ESTÁNDAR DEL LIBRO | |
| Número Internacional Estándar del Libro | 978-958-98259-2-1 |
| 040 ## - FUENTE DE CATALOGACIÓN | |
| Lengua de catalogación | spa |
| 082 ## - NÚMERO DE LA CLASIFICACIÓN DECIMAL DEWEY | |
| Número de clasificación | 364.153 M843L |
| 100 ## - ENTRADA PRINCIPAL--NOMBRE DE PERSONA | |
| Nombre de persona | Moreno Piraquive Alexandra |
| 245 #0 - MENCIÓN DEL TÍTULO | |
| Título | Lo que debes saber sobre el abuso sexual infantil. Tú lo puedes prevenir - Tú lo debes denunciar |
| 260 ## - PUBLICACIÓN, DISTRIBUCIÓN, ETC. | |
| Fecha de publicación, distribución, etc. | 2007 |
| 264 ## - PRODUCCIÓN, PUBLICACIÓN, DISTRIBUCIÓN, FABRICACIÓN Y COPYRIGHT | |
| Producción, publicación, distribución, fabricación y copyright | Ediciones Gew |
| 942 ## - ELEMENTOS DE ENTRADA SECUNDARIOS (KOHA) | |
| Fuente del sistema de clasificación o colocación | Clasificación Decimal Dewey |
| Tipo de ítem Koha | |
| Estatus retirado | Estado de pérdida | Fuente del sistema de clasificación o colocación | Estado de daño | No para préstamo | Biblioteca de origen | Biblioteca actual | Fecha de adquisición | Total de préstamos | Signatura topográfica completa | Código de barras | Visto por última vez | Copia número | Precio de reemplazo | Tipo de ítem Koha | Fecha del último préstamo | Colección | Ubicación en estantería |
|---|---|---|---|---|---|---|---|---|---|---|---|---|---|---|---|---|---|
| Clasificación Decimal Dewey | BIBLIOTECA HUGO ANGEL JARAMILLO | BIBLIOTECA HUGO ANGEL JARAMILLO | 15/08/2025 | 362.76 M67l | 62315 | 15/08/2025 | Ej. 1 | 15/08/2025 | Libros | General | Colección general | ||||||
| Clasificación Decimal Dewey | BIBLIOTECA PÚBLICA MUNICIPAL RAMON CORREA MEJIA | BIBLIOTECA PÚBLICA MUNICIPAL RAMON CORREA MEJIA | 08/07/2009 | 364.153 M843L | 10354 | 29/11/2023 | 1 | 29/11/2023 | Libros | ||||||||
| Clasificación Decimal Dewey | BIBLIOTECA PÚBLICA MUNICIPAL RAMON CORREA MEJIA | BIBLIOTECA PÚBLICA MUNICIPAL RAMON CORREA MEJIA | 15/04/2015 | 1 | 364.153 M843L | 35247 | 17/07/2025 | 2 | 29/11/2023 | Libros | 10/07/2025 |